Zonificación ambiental y forestal del municipio de Manaure, departamento de la La Guajira. (Registro nro. 8504)

Detalles MARC
000 -CABECERA
Campo de control 01046nam a22002537a 4500
005 - FECHA Y HORA DE LA ULTIMA TRANSACCION
Campo de control 20170511153911.0
008 - ELEMENTOS DE LONGITUD FIJA—INFORMACION GENERAL
Campo de control 140702b2009 ck ||||| ||||a00| 0 spa d
020 ## - ISBN
ISBN 9789589959718
041 ## - IDIOMA
Código de idioma para texto/pista de sonido o título separado Español
044 ## - PAÍS DE PUBLICACIÓN
País de publicación Colombia
082 04 - NUMERO DE CLASIFICACION DECIMAL DEWEY
Número de clasificación 631.44
Número del ítem R69z
245 00 - MENCION DE TITULO
Título Zonificación ambiental y forestal del municipio de Manaure, departamento de la La Guajira.
260 ## - PUBLICACION, DISTRIBUCION, ETC. (PIE DE IMPRENTA)
Lugar de publicación, distribución, etc. Bogotá
Nombre del editor, distribuidor, etc. Corpoguajira
-- CONIF
Fecha de publicación, distribución, etc. 2009
300 ## - DESCRIPCION FISICA
Extensión 126 p.
Otros detalles físicos il., tablas
Dimensiones 28 cm.
Material acompañante 8 mapas
505 ## - NOTA DE CONTENIDO
Nota de contenido Aspectos conceptuales y metodológicos (pag. 13)
505 ## - NOTA DE CONTENIDO
Nota de contenido Diagnóstico general del Municipio de Manaure (pag. 21)
505 ## - NOTA DE CONTENIDO
Nota de contenido Zonificación ambiental del Municipio de Manaure (pag. 101)
650 ## - ASIENTO SECUNDARIO DE MATERIA - TERMINO TEMATICO
Término temático o nombre geográfico como elemento de entrada Suelos
Subdivisión de forma clasificación
Subdivisión geográfica Manaure (Municipio, Dpt. Guajira)
650 ## - ASIENTO SECUNDARIO DE MATERIA - TERMINO TEMATICO
Término temático o nombre geográfico como elemento de entrada Uso de la tierra
Subdivisión geográfica Manaure (Municipio, Dpt. Guajira)
651 ## - ASIENTO SECUNDARIO DE MATERIA - NOMBRE GEOGRAFICO
Nombre geográfico Colombia
Subdivisión geográfica Municipio de Manaure
-- Riohacha, Guajira
710 1# - ASIENTO SECUNDARIO - NOMBRE CORPORATIVO
Nombre corporativo o de jurisdicción como elemento de entrada Corpoguajira
710 1# - ASIENTO SECUNDARIO - NOMBRE CORPORATIVO
Nombre corporativo o de jurisdicción como elemento de entrada Corporación Nacional de Investigación y Fomento Forestal (CONIF)
942 ## - ELEMENTOS ADICIONALES (KOHA)
Sistema de clasificación Dewey Decimal Classification
Tipo de ítem Impreso
Koha issues (borrowed), all copies 1
Existencias
Withdrawn status Lost status Sistema de Clasificación Damaged status No para préstamo Colección Inventariado Ubicación Permanente Ubicación actual Fecha de adquisición Fuente de Valor Valor Total Checkouts Número topográfico Inventario / Código de Barras Date last seen Date checked out Ejemplar Price effective from Forma de adquisición Tipo de material
    Dewey Decimal Classification     General Inventariado 2017 Bogotá Bogotá 02/07/2014 Instituto 39000.00 1 LB-631.44 R69z 034462 12/03/2015 12/03/2015 Ej. 1 02/07/2014   Libro